Derecho sindical / (Record no. 72554)

MARC details
000 -LEADER
campo de control de longitud fija 00883nam a2200241 i 4500
001 - NÚMERO DE CONTROL
campo de control 72554
003 - IDENTIFICADOR DE NÚMERO DE CONTROL
campo de control ES-MaACL
005 - FECHA Y HORA DE LA ÚLTIMA TRANSACCIÓN
campo de control 20250809041524.0
007 - CAMPO FIJO DE DESCRIPCIÓN FÍSICA--INFORMACIÓN GENERAL
campo de control de longitud fija t|
008 - DATOS DE LONGITUD FIJA--INFORMACIÓN GENERAL
campo de control de longitud fija 040901s1983 sp ||||1| spa d
100 1# - ENTRADA PRINCIPAL--NOMBRE DE PERSONA
Nombre de persona Giugni, Gino.
9 (RLIN) 57359
245 10 - MENCIÓN DEL TÍTULO
Título Derecho sindical /
Mención de responsabilidad, etc. Gino Giugni ; traducción y estudio preliminar por José Vida Soria y Jaime Montalvo Correa.
250 ## - MENCION DE EDICION
Mención de edición [1ª ed.].
260 ## - PUBLICACIÓN, DISTRIBUCIÓN, ETC.
Lugar de publicación, distribución, etc. [Madrid] :
Nombre del editor, distribuidor, etc. Ministerio de Trabajo y Seguridad Social,
Fecha de publicación, distribución, etc. [1983]
300 ## - DESCRIPCIÓN FÍSICA
Extensión 390 p. ;
Dimensiones 25 cm.
500 ## - NOTA GENERAL
Nota general Precede al tít.: Instituto de Estudios Laborales y de la Seguridad Social.
650 07 - PUNTO DE ACCESO ADICIONAL DE MATERIA--TÉRMINO DE MATERIA
Término de materia o nombre geográfico como elemento de entrada Derecho sindical
Fuente del encabezamiento o término embne
9 (RLIN) 11767
700 1# - ENTRADA AGREGADA--NOMBRE PERSONAL
Nombre de persona Vida Soria, José.
9 (RLIN) 114412
700 1# - ENTRADA AGREGADA--NOMBRE PERSONAL
Nombre de persona Montalvo Correa, Jaime.
9 (RLIN) 82354
710 2# - ENTRADA AGREGADA--NOMBRE DE ENTIDAD CORPORATIVA
Nombre de entidad corporativa o nombre de jurisdicción como elemento de entrada Instituto de Estudios Laborales y de la Seguridad Social.
9 (RLIN) 4915
852 ## - LOCALIZACIÓN
Ubicación ES-MaACL
Número de control de estantería L-7578
Sublocalización o colección R.107417
Holdings
Estatus retirado Estado de pérdida Estado de daño No para préstamo Biblioteca de origen Biblioteca actual Ubicación en estantería Fecha de adquisición Fuente de adquisición Total de préstamos Signatura topográfica completa Código de barras Visto por última vez Precio de reemplazo Tipo de ítem Koha
        Biblioteca del Ateneo de Madrid Biblioteca del Ateneo de Madrid Depósito 2 17/01/2008     L-7578 1075955 23/02/2023 23/02/2023 Libro impreso